[Event "TUN-chTB"]
[Site "Hammamet"]
[Date "2019.03.10"]
[Round "6.4"]
[White "Ezzine, Mohamed"]
[Black "Boufaied, Amine"]
[Result "1-0"]
[WhiteElo "1970"]
[BlackElo "1566"]
[PlyCount "82"]
[EventDate "2019.02.09"]
[EventType "team-tourn"]
[EventRounds "11"]
[EventCountry "TUN"]
[SourceTitle "EXT 2021"]
[Source "ChessBase"]
[SourceDate "2020.10.23"]
[SourceVersion "1"]
[SourceVersionDate "2020.10.23"]
[SourceQuality "1"]

1. Nf3 d5 2. d4 Nf6 3. e3 Bf5 4. c4 c6 5. Nc3 e6 6. Bd3 Bg6 7. 0-0 Be7 8. Qe2 Nbd7 9. e4 dxe4 10. Nxe4 Nxe4 11. Bxe4 Bxe4 12. Qxe4 Nf6 13. Qc2 Qc7 14. Be3 0-0 15. h3 h6 16. Rfd1 Rfd8 17. Rac1 a5 18. Nd2 Rd7 19. Qb3 a4 20. Qc2 Qb8 21. Ne4 b5 22. Nxf6+ Bxf6 23. Qe4 Qb7 24. cxb5 cxb5 25. Qxb7 Rxb7 26. Bf4 Rd8 27. Be5 Be7 28. Rc6 f6 29. Bf4 e5 30. Be3 Rbd7 31. Rdc1 exd4 32. Bd2 Rb7 33. Kf1 Rd5 34. Ke2 d3+ 35. Kf3 Rbd7 36. Re6 Bd6 37. Ke4 Rc5 38. Rxc5 Bxc5 39. f4 b4 40. Kf5 Kf7 41. Rc6 Ba7 1-0

[Event "TUN-ch"]
[Site "Hammamet"]
[Date "2013.03.16"]
[Round "1"]
[White "Ezzine, Mohamed"]
[Black "Hammi, Talel"]
[Result "0-1"]
[WhiteElo "1958"]
[BlackElo "1781"]
[PlyCount "108"]
[EventDate "2013.03.16"]
[EventType "swiss"]
[EventRounds "9"]
[EventCountry "TUN"]
[SourceTitle "CBM 153 Extra"]
[Source "ChessBase"]
[SourceDate "2013.04.22"]
[SourceVersion "1"]
[SourceVersionDate "2013.04.22"]
[SourceQuality "1"]

1. d4 Nf6 2. c4 e6 3. Nc3 Bb4 4. Qc2 0-0 5. Bg5 h6 6. Bh4 c5 7. e3 cxd4 8. exd4 Nc6 9. Nf3 d5 10. a3 Be7 11. Bxf6 Bxf6 12. cxd5 exd5 13. Rd1 Bg4 14. Be2 Bxf3 15. Bxf3 Nxd4 16. Qd3 Nxf3+ 17. Qxf3 Re8+ 18. Kf1 Bxc3 19. Qxc3 Rc8 20. Qd3 Qe7 21. h4 Qe4 22. Rh3 Rc2 23. b4 d4 24. Kg1 Qxd3 25. Rhxd3 Ree2 26. Rf3 Red2 27. Rxd2 Rxd2 28. Kf1 Kf8 29. Ke1 Ra2 30. Rd3 Ke7 31. Rxd4 Rxa3 32. Kd2 Ra2+ 33. Ke3 Ra4 34. Kd3 b5 35. g4 g6 36. Ke4 a5 37. bxa5 Rxa5 38. Rd5 Ra4+ 39. Kf3 Rb4 40. h5 Ke6 41. hxg6 fxg6 42. Rc5 Kd6 43. Rc8 g5 44. Rf8 Rf4+ 45. Rxf4 gxf4 46. Kxf4 b4 47. Ke3 b3 48. Kd2 Ke5 49. Kc3 Kf4 50. Kxb3 Kxg4 51. f4 Kxf4 52. Kc3 Kf3 53. Kd2 h5 54. Ke1 Kg2 0-1